000 00458nam a2200181Ia 4500
005 20250508152422.0
008 008 250505s9999 xx 000 0 eng d
037 _aTextual
040 _aFEDL
_beng
_cFEDL
041 _aeng
_2eng
084 _aF, LON
_qFEDL
100 _aLondon Jack
245 0 _aSea-wolf
260 _aNew York, USA
_bThe Macmillan Company
_c1958
300 _a366p
942 _cTEXL
_hF, LON
999 _c1336293
_d1336293